| 000 | 00528nam a2200181 i 4500 | ||
|---|---|---|---|
| 001 | 135546 | ||
| 003 | ES-MaACL | ||
| 005 | 20250817062557.0 | ||
| 007 | t| | ||
| 008 | 070719s1973 sp ||||1| eng d | ||
| 100 | 1 |
_aTorrent Guasp, Francisco. _9110837 |
|
| 245 | 1 | 4 |
_aThe cardiac muscle / _cFrancisco Torrent Guasp. |
| 260 |
_a[Madrid] : _bJuan March Foundation, _c[1973] |
||
| 300 |
_a39 p., 46 lám. ; _c21 cm. |
||
| 710 | 2 |
_aFundación Juan March _94346 |
|
| 852 |
_aES-MaACL _jC-47894 _bR.84623 |
||
| 999 |
_c135546 _d135546 |
||